| 000 | 00708nam a22002175i 4500 | ||
|---|---|---|---|
| 001 | 166048 | ||
| 003 | ES-MaACL | ||
| 005 | 20250804081753.0 | ||
| 008 | 050920s1905 fr | |||||||| ||fre d | ||
| 040 |
_aCAM _bspa _cCAM |
||
| 100 | 1 |
_aTarde, Gabriel de, _d1843-1904 _9133127 |
|
| 245 | 1 | 3 |
_aLa philosophie penale / _cpar G. Tarde. |
| 250 | _a4e éd. | ||
| 260 |
_aParis : _bA. Maloine, _c1905. |
||
| 300 |
_a578 p. ; _c25 cm. |
||
| 650 | 7 |
_aDerecho penal- _xFilosofía _2 _911756 |
|
| 700 | 1 |
_aMaloine, A., _eed. _9129395 |
|
| 752 |
_aFrancia - _dParís |
||
| 852 |
_aES-MaACL _jD-113 _z-- Enc. pasta española _z-- En la port. banderilla con el nombre del editor |
||
| 999 |
_c166048 _d166048 |
||